Trafalgar : episodios nacionales /

保存先:
書誌詳細
第一著者: Pérez Galdós, Benito (autor)
その他の著者: Solís Llorente, Ramón (prólogo) (prólogo)
フォーマット: 図書
言語:スペイン語
出版事項: Barcelona, España : Salvat, 1970, c1969
タグ: タグ追加
タグなし, このレコードへの初めてのタグを付けませんか!

MARC

LEADER 00000nam^a2200000^a^4500
001 000621104
005 20250924000000.0
009 20260310133852.255
037 |a Acervo ITESO - Biblioteca 
041 |a ESP 
091 |a FOB. 01809 
100 |a Pérez Galdós, Benito  |e (autor) 
245 1 0 |a Trafalgar :  |b episodios nacionales / 
264 4 |a Barcelona, España :  |b Salvat,  |c 1970, c1969 
300 |a 185 p. 
336 |a texto  |b txt  |2 rdacontenido 
337 |a sin mediación  |b n  |2 rdamedio 
338 |a volumen  |b nc  |2 rdasoporte 
649 |a XX 
700 |a Solís Llorente, Ramón  |e (prólogo) 
910 |a Fondo Carlos de Obeso Orendain 
920 |a Impresos - Libros 
930 |a Fondos Especiales 
940 |a Literatura 
905 |a 147 
901 |a 621612-10  |b IT2  |c ESP  |i D  |u 20250924 
902 |a https://opac.biblio.iteso.mx/vufind/Record/000621104